| 000 | 00377nam a2200121Ia 4500 | ||
|---|---|---|---|
| 008 | 200922s9999 xx 000 0 und d | ||
| 020 | _a978-971-9654-91-9 | ||
| 100 | _aSanchez, Remedios A. | ||
| 245 |
_cRemedios A. Sanchez _aThe Philippine government and constitution/ |
||
| 260 |
_aManila: _bUnlimited Books _c2017 |
||
| 300 |
_aviii, 153 pages _c25 cm. |
||
| 650 | _aPhilippines | ||
| 999 |
_c364395 _d364395 |
||